How to Gain the Most from Structural Conditionality of IMF-Supported Programs /

Structural conditionality of IMF-supported programs is designed to support structural reforms by countries borrowing from the IMF. Taking stock of program conditions and their implementation, this paper finds that conditionality focuses on fiscal, monetary and financial issues-areas where IMF expert...

Deskribapen osoa

Xehetasun bibliografikoak
Egile nagusia: Andritzky, Jochen
Beste egile batzuk: Munkacsi, Zsuzsa, Wang, Ke
Formatua: Aldizkaria
Hizkuntza:English
Argitaratua: Washington, D.C. : International Monetary Fund, 2021.
Saila:IMF Working Papers; Working Paper ; No. 2021/139
Gaiak:
Sarrera elektronikoa:Full text available on IMF
LEADER 01932cas a2200301 a 4500
001 AALejournalIMF021564
008 230101c9999 xx r poo 0 0eng d
020 |c 18.00 USD 
020 |z 9781513572697 
022 |a 1018-5941 
040 |a BD-DhAAL  |c BD-DhAAL 
100 1 |a Andritzky, Jochen. 
245 1 0 |a How to Gain the Most from Structural Conditionality of IMF-Supported Programs /  |c Jochen Andritzky, Zsuzsa Munkacsi, Ke Wang. 
264 1 |a Washington, D.C. :  |b International Monetary Fund,  |c 2021. 
300 |a 1 online resource (56 pages) 
490 1 |a IMF Working Papers 
500 |a <strong>Off-Campus Access:</strong> No User ID or Password Required 
500 |a <strong>On-Campus Access:</strong> No User ID or Password Required 
506 |a Electronic access restricted to authorized BRAC University faculty, staff and students 
520 3 |a Structural conditionality of IMF-supported programs is designed to support structural reforms by countries borrowing from the IMF. Taking stock of program conditions and their implementation, this paper finds that conditionality focuses on fiscal, monetary and financial issues-areas where IMF expertise is strong-and shies away from structural areas such as labor or product market reforms. Hence, tackling deep-rooted structural issues during IMF-supported programs often remained elusive. To ensure countries gain most from IMF conditionality, the paper outlines an evaluation matrix for prioritizing and designing structural reforms, and applies it to case studies. 
538 |a Mode of access: Internet 
650 7 |a Foreign Exchange  |2 imf 
650 7 |a Informal Economy  |2 imf 
650 7 |a Underground Econom  |2 imf 
700 1 |a Munkacsi, Zsuzsa. 
700 1 |a Wang, Ke. 
830 0 |a IMF Working Papers; Working Paper ;  |v No. 2021/139 
856 4 0 |z Full text available on IMF  |u http://elibrary.imf.org/view/journals/001/2021/139/001.2021.issue-139-en.xml  |z IMF e-Library